000 00419pab a2200169 454500
008 180718b1979 xxu||||| |||| 00| 0 eng d
100 _aMathur, Kuldeep
245 _aThe ICS mythology (Review article)
260 _c1979
300 _ap.224-229.
362 _aJan-Mar
650 _aReview article
650 _aCivil service
773 _aIndian Journal of Public Administration
908 _aN
909 _a88361
999 _c88361
_d88361